000 00696nam a22001935i 4500
001 153632
003 ES-MaACL
005 20230906205321.0
008 000825s1886 fr af |||| | fre d
040 _aCCPB | B
_bspa
_cCCPB | B
100 1 _aEnault, Louis.
_947170
245 1 0 _aParis-Salon 1886 par les procédés phototypiques de E. Bernard & C\pie\s /
_cLouis Énault.
260 _aParis :
_bE. Bernard & C\pie\s,
_c1886.
300 _av. :
_bil. ;
_c22 cm.
597 1 _aVol. II (80 p., 40 h. de grab.)
611 2 4 _aExposition des Beaux-Arts.
_d1886.
_cParís)
_9135156
752 _aFrancia -
_dParís
852 _aES-MaACL
_jF-11793
_z-- Enc. pasta española
_q-- Solo 1er volumen
999 _c153632
_d153632